Word Ladder: 'R' Town Quiz Stats

 Plays Quiz Updated Jun 25, 2013

Support Sporcle.
Go Orange.
Score 0/52 Timer 04:00
1 Play Today
Clue 4-Letter Word % Correct
Italian capitalROME
97.5%
Closed handFIST
96.2%
Flunk an examFAIL
94.9%
Get a 'D' or betterPASS
94.8%
Go without foodFAST
94.2%
'The Bucket ___'LIST
94.1%
StumbleFALL
93.3%
Party giverHOST
92.9%
Having XY chromosomesMALE
92.9%
AbodeHOME
92.6%
Eating utensilFORK
91.8%
5,280 feetMILE
91.6%
AgoPAST
91.5%
Starbucks coffee sizeTALL
90.6%
Monkey's appendageTAIL
90.6%
Time of cut pricesSALE
90.5%
Garden moistenerHOSE
90.4%
Pepper's partnerSALT
90.3%
Last ___ and TestamentWILL
90.1%
Marge's little boyBART
89.6%
BarricadeWALL
89.5%
Romantic flowerROSE
89.1%
FriendsPALS
89.1%
PlazaMALL
89%
Kwik-E-___MART
89%
Type of whiskeyMALT
88.7%
Clue 4-Letter Word % Correct
Golf warning shoutFORE
88.7%
Do your jobWORK
88.5%
UnclothedBARE
88.1%
InfernoFIRE
87.7%
JJ Abrams TV showLOST
87.6%
Disney or Whitman, e.g.WALT
87.5%
Flour making localeMILL
87.3%
AshenPALE
86.3%
DroopWILT
84.6%
Animal fatLARD
83.8%
Give a hootCARE
83.5%
Ace, e.g.CARD
82.9%
Acquire an apartmentRENT
81.2%
LiftRISE
80.7%
Bit of speech or textWORD
79.4%
TV's Jay ___LENO
78%
It comes in a folderFILE
77.3%
City in NevadaRENO
77.2%
'My Sweet ___'LORD
76.5%
Breathe quicklyPANT
75.1%
Masquerade as someonePOSE
74.5%
6 week festivalLENT
74%
Glass sheetPANE
73.6%
DiatribeRANT
71.3%
UpsetRILE
71%
Corn breadPONE
66.7%

Today's Daily Dose

Missing Word
'80s Musicals

Word Ladder
Hereditary

Get the Picture
Food Names

From the Vault

Religion Groups Grab Bag

by BillyJoelRulez

Reach all four hands into our grab bag.
Remove Ads.
Support Sporcle.
Get the best of Sporcle when you Go Orange. This ad-free experience offers more features, more stats, and more fun while also helping to support Sporcle. Thank you for becoming a member.

Show Comments

Extras

Top Quizzes Today


Score Distribution

Your Account Isn't Verified!

In order to create a playlist on Sporcle, you need to verify the email address you used during registration. Go to your Sporcle Settings to finish the process.

Report this User

Report this user for behavior that violates our Community Guidelines.

Details: